Score 0/7 Timer 03:00
1 Play Today
Question Answer Wrong Answers
Muhammad Ali refuses to be inducted into the US Army. He is then stripped of what title?
1967
Heavyweight
89.4%
Welterweight
4.4%
Featherweight
2.5%
Cruiserweight
1.6%
This Spanish actress is born. She would go on to become known for her roles in movies like Volver and Vanilla Sky.
1974
Penélope Cruz
87.5%
Paz Vega
1.5%
Elena Anaya
1.6%
Eva Longoria
6.2%
Japan joins the OECD. OECD stands for Organization for _______ Co-operation and Development.
1964
Economic
80.1%
Energy
13.4%
Entertainment
1.2%
Ethical
4%
This French president resigns, following the rejection of his proposed reform of the Senate.
1969
Charles De Gaulle
66.1%
Paul Deschanel
3.8%
Georges Pompidou
17.3%
Jacques Chirac
10%
This tennis player recaptures the world no. 1 ranking, becoming the oldest top-ranked male player.
2003
Andre Agassi
40.7%
Pete Sampras
30.4%
Roger Federer
21.9%
Andy Roddick
3.6%
This US state becomes the 7th to ratify the Constitution.
1788
Maryland
40.6%
Delaware
13%
Pennsylvania
26.1%
Georgia
20.2%
This Old West gunfighter, born Henry McCarty, escapes from jail. He evades capture for over 2 months.
1881
Billy the Kid
40.2%
Jesse James
24.7%
Wyatt Earp
8.4%
Butch Cassidy
26.2%
Remove Ads.
Support Sporcle.
Get the best of Sporcle when you Go Orange. This ad-free experience offers more features, more stats, and more fun while also helping to support Sporcle. Thank you for becoming a member.

You're not logged in!

Compare scores with friends on all Sporcle quizzes.
OR
Log In

Show Comments

Extras

Top Quizzes Today


Score Distribution

Your Account Isn't Verified!

In order to create a playlist on Sporcle, you need to verify the email address you used during registration. Go to your Sporcle Settings to finish the process.

Report this User

Report this user for behavior that violates our Community Guidelines.

Details: